The ECB's Monetary Analysis Revisited /

Monetary aggregates continue to play an important role in the ECB's policy strategy. This paper revisits the case for money, surveying the ongoing theoretical and empirical debate. The key conclusion is that an exclusive focus on non-monetary factors alone may leave the ECB with an incomplete p...

Full description

Bibliographic Details
Main Author: Berger, Helge
Other Authors: Harjes, Thomas, Stavrev, Emil
Format: Journal
Language:English
Published: Washington, D.C. : International Monetary Fund, 2008.
Series:IMF Working Papers; Working Paper ; No. 2008/171
Online Access:Full text available on IMF
LEADER 02052cas a2200265 a 4500
001 AALejournalIMF005189
008 230101c9999 xx r poo 0 0eng d
020 |c 5.00 USD 
020 |z 9781451870299 
022 |a 1018-5941 
040 |a BD-DhAAL  |c BD-DhAAL 
100 1 |a Berger, Helge. 
245 1 4 |a The ECB's Monetary Analysis Revisited /  |c Helge Berger, Thomas Harjes, Emil Stavrev. 
264 1 |a Washington, D.C. :  |b International Monetary Fund,  |c 2008. 
300 |a 1 online resource (61 pages) 
490 1 |a IMF Working Papers 
500 |a <strong>Off-Campus Access:</strong> No User ID or Password Required 
500 |a <strong>On-Campus Access:</strong> No User ID or Password Required 
506 |a Electronic access restricted to authorized BRAC University faculty, staff and students 
520 3 |a Monetary aggregates continue to play an important role in the ECB's policy strategy. This paper revisits the case for money, surveying the ongoing theoretical and empirical debate. The key conclusion is that an exclusive focus on non-monetary factors alone may leave the ECB with an incomplete picture of the economy. However, treating monetary factors as a separate matter is a second-best solution. Instead, a general-equilibrium inspired analytical framework that merges the economic and monetary "pillars" of the ECB's policy strategy appears the most promising way forward. The role played by monetary aggregates in such unified framework may be rather limited. However, an integrated framework would facilitate the presentation of policy decisions by providing a clearer narrative of the relative role of money in the interaction with other economic and financial sector variables, including asset prices, and their impact on consumer prices. 
538 |a Mode of access: Internet 
700 1 |a Harjes, Thomas. 
700 1 |a Stavrev, Emil. 
830 0 |a IMF Working Papers; Working Paper ;  |v No. 2008/171 
856 4 0 |z Full text available on IMF  |u http://elibrary.imf.org/view/journals/001/2008/171/001.2008.issue-171-en.xml  |z IMF e-Library